书目信息 |
| 题名: |
峨眉山玄武岩大型高位远程滑坡形成机制研究
|
|
| 作者: | 申通 , 袁玥 , 韩杨 著 | |
| 分册: | ||
| 出版信息: | 成都 西南交通大学出版社 2022.03 |
|
| 页数: | 261页 | |
| 开本: | 23cm | |
| 丛书名: | ||
| 单 册: | ||
| 中图分类: | P642.22 | |
| 科图分类: | ||
| 主题词: | ||
| 电子资源: | ||
| ISBN: | 978-7-5643-8635-1 | |
| 000 | 01114nam0 2200241 450 | |
| 001 | 011025153429 | |
| 005 | 20221025153429.0 | |
| 010 | @a978-7-5643-8635-1@dCNY48.00 | |
| 100 | @a20201004d2022 em y0chiy0120 ea | |
| 101 | 0 | @achi |
| 102 | @aCN@b510000 | |
| 105 | @aa z 000yy | |
| 106 | @ar | |
| 200 | 1 | @a峨眉山玄武岩大型高位远程滑坡形成机制研究@Ae mei shan xuan wu yan da xing gao wei yuan cheng hua po xing cheng ji zhi yan jiu@f申通, 袁玥, 韩杨著 |
| 210 | @a成都@c西南交通大学出版社@d2022.03 | |
| 215 | @a261页@c图@d23cm | |
| 330 | @a本书以峨眉山玄武岩大型高位远程滑坡为研究对象,运用遥感解译、现场大比例尺调查、室内试验以及数值模拟等研究手段,对滑坡分布特征、发育特征、地质类型、启动条件、运动演化过程等方面展开深入研究,在此基础上结合西南地区独特的地质环境条件、峨眉山玄武岩体的工程地质特性以及滑坡运动学的研究成果,对峨眉山玄武岩大型高位远程滑坡的形成机制进行系统分析。 | |
| 607 | @a峨嵋山@Ae mei shan@x玄武岩@x大型@x滑坡@x研究 | |
| 690 | @aP642.22@v5 | |
| 701 | 0 | @a申通@Ashen tong@4著 |
| 701 | 0 | @a袁玥@Ayuan yue@4著 |
| 701 | 0 | @a韩杨@Ahan yang@4著 |
| 905 | @a河南城建学院图书馆@dP642.22@eS370 | |
| 峨眉山玄武岩大型高位远程滑坡形成机制研究/申通, 袁玥, 韩杨著.-成都:西南交通大学出版社,2022.03 |
| 261页:图;23cm |
| ISBN 978-7-5643-8635-1:CNY48.00 |
| 本书以峨眉山玄武岩大型高位远程滑坡为研究对象,运用遥感解译、现场大比例尺调查、室内试验以及数值模拟等研究手段,对滑坡分布特征、发育特征、地质类型、启动条件、运动演化过程等方面展开深入研究,在此基础上结合西南地区独特的地质环境条件、峨眉山玄武岩体的工程地质特性以及滑坡运动学的研究成果,对峨眉山玄武岩大型高位远程滑坡的形成机制进行系统分析。 |
| ● |
| 相关链接 |
|
|
|
正题名:峨眉山玄武岩大型高位远程滑坡形成机制研究
索取号:P642.22/S370
 
预约/预借
| 序号 | 登录号 | 条形码 | 馆藏地/架位号 | 状态 | 备注 |
| 1 | 1588102 | 215881026 | 自科库401/401自科库 133排2列5层/ [索取号:P642.22/S370] | 在馆 | |
| 2 | 1588103 | 215881035 | 自科库401/401自科库 133排2列5层/ [索取号:P642.22/S370] | 在馆 |